Металловедение и термическая обработка: учебник для втузов

Chi tiết về thư mục
Tác giả chính: Болховитинов Н. Ф. Николай Федосеевич
Ngôn ngữ:Tiếng Nga
Được phát hành: Москва, Машгиз, 1952
Phiên bản:2-е изд., перераб.
Những chủ đề:
Định dạng: Sách
KOHA link:https://koha.lib.tpu.ru/cgi-bin/koha/opac-detail.pl?biblionumber=320648

MARC

LEADER 00000nam0a2200000 4500
001 320648
005 20231102003312.0
035 |a (RuTPU)RU\TPU\book\346179 
035 |a RU\TPU\book\77512 
090 |a 320648 
100 |a 20160713d1952 m y0rusy50 ca 
101 0 |a rus 
102 |a RU 
105 |a a j 001zy 
200 1 |a Металловедение и термическая обработка  |e учебник для втузов  |f Н. Ф. Болховитинов 
205 |a 2-е изд., перераб. 
210 |a Москва  |c Машгиз  |d 1952 
215 |a 426 с.  |c ил. 
320 |a Библиография в конце глав 
606 1 |a Металловедение  |x Общие вопросы  |2 stltpush  |3 (RuTPU)RU\TPU\subj\42403  |9 62070 
606 1 |a Нагрев металлов  |2 stltpush  |3 (RuTPU)RU\TPU\subj\44714  |9 63994 
610 1 |a термическая обработка 
610 1 |a металлы 
610 1 |a сплавы 
610 1 |a строение 
610 1 |a сталь 
610 1 |a чугун 
610 1 |a пластическая деформация 
610 1 |a рекристаллизация 
610 1 |a закалка 
610 1 |a учебники 
675 |a 669.017(075.8)  |v 4 
675 |a 621.78(075.8)  |v 4 
700 1 |a Болховитинов  |b Н. Ф.  |g Николай Федосеевич 
801 1 |a RU  |b 63413507  |c 20050128  |g PSBO 
801 2 |a RU  |b 63413507  |c 20171107  |g PSBO 
942 |c BK